00387nam a2200133 a 4500008004100000020001800041050001900059100002100078245006800099260004000167300001500207350001000222650002100232150617s2013 ||||||||||||||||| || u a9781444759587 aPR 6056.A52I86 aFairbairns, Judy10aIsland wife: living on the edge of the wildcby Judy Fairbairns aLondon:bHodder and Stoughtonc2013 axii, 352p. a77.73 aENGLISH LANGUAGE